000
00258nam a2200097Ia 4500
001
1099625
005
20250827003137.0
008
250824s9999 xx 000 0 und d
245
0
_a
BYE BYE TÜRKÇE
_c
OKTAY SİNANOĞLU
260
_b
BİLİM GÖNÜL YAYINLARI
999
_c
1099625
_d
1099625